000 00521nmm a2200181Ia 4500
008 251105s9999||||xx |||||||||||||||||und||
041 _aspa
100 _aDavies, Robertson
245 0 _aÁngeles rebeldes
264 _a[Madrid, España] :
_bLibros del asteroide,
_c2012
300 _a360 páginas
490 _aLibros del Asteroide
650 _aNorth American narrative
700 _aDavies, Robertson
700 1 _a Cardeñoso, Concha
856 _uhttps://public.digitaliapublishing.com/a/33478
942 _cCF
999 _c64483
_d64483